000
00271nam a2200109Ia 4500
005
20251222114347.0
008
251222s1900||||xx |||||||||||||| ||spa||
082
_a
DVD0111/J71/1959
245
0
_a
Donald en el país de las matemáticas
264
_b
Walt Disney
942
_c
DVD
999
_c
1076
_d
1076